000 00556nam a2200217Ia 4500
003 LK-CoDNM
005 20240318132657.0
008 010623t1909 xxu||||| |||| 00| 1 sin d
040 _aLK-CoDNM
_dLK-CoDNM
_eLK-CoDNM
041 _asin
080 _a104 II11
245 _aබෞද්ධ සහෝදරයා
246 _aBauddha Sahodaraya
260 _bThe Buddhist Fraternal Association
_aColombo
_c1909
300 _bDamaged
_a14p.,24 cm
650 _aBuddhism
650 _aConduct
650 _aHeat
650 _aTooth Relic
942 _cBK
999 _c87175
_d87175